Statistics for World Countries by 10 Category Elimination #1

Click here to take the quiz!

General Stats

  • This quiz has been taken 9,793 times
  • The average score is 9 of 10

Answer Stats

CategoryCountry% Correct
contains the letter 'A'
100%
is in Eurasia
100%
is not landlocked
99%
has a point west of Qatar
98%
is in Europe
98%
is not an island country
97%
borders the Mediterranean
95%
capital contains the letter 'A'
93%
has four or more borders
91%
hasn't qualified for World Cup
67%

Score Distribution

Percentile by Number Answered

Percent of People with Each Score

Your Score History

You have not taken this quiz